Cargando…

The Blue Yonder Inn /

"The Blue Yonder Inn is a recasting of the "mother-daughter conflict" story in which Darnelle, a fortyish gun-packing loner is fighting to keep her sullen, teenage niece, Bonnie Blue, out of trouble. Darnelle owns and operates the Blue Yonder Inn, a pay-by-the-hour roadside motel that...

Descripción completa

Detalles Bibliográficos
Autor principal: Campbell, Helen, 1952-
Formato: Electrónico eBook
Idioma:Inglés
Publicado: East Lansing : Michigan State University Press, 2002.
Colección:Book collections on Project MUSE.
Temas:
Acceso en línea:Texto completo

MARC

LEADER 00000cam a22000004a 4500
001 musev2_8941
003 MdBmJHUP
005 20230905041023.0
006 m o d
007 cr||||||||nn|n
008 090130s2002 mou o 00 0 eng d
020 |a 9780870139000 
020 |z 9780870136412 
020 |z 0870139002 
020 |z 0870136410 
040 |a MdBmJHUP  |c MdBmJHUP 
100 1 |a Campbell, Helen,  |d 1952- 
245 1 4 |a The Blue Yonder Inn /   |c Helen Campbell. 
264 1 |a East Lansing :  |b Michigan State University Press,  |c 2002. 
264 3 |a Baltimore, Md. :  |b Project MUSE,   |c 0000 
264 4 |c ©2002. 
300 |a 1 online resource. 
336 |a text  |b txt  |2 rdacontent 
337 |a computer  |b c  |2 rdamedia 
338 |a online resource  |b cr  |2 rdacarrier 
505 0 |a Ch. 1; Ch. 2; Ch. 3; Ch. 4; Ch. 5; Ch. 6; Ch. 7; Ch. 8; Ch. 9; Ch. 10; Ch. 11; Ch. 12; Ch. 13; Ch. 14; Ch. 15; Ch. 16; Ch. 17; Ch. 18. 
520 1 |a "The Blue Yonder Inn is a recasting of the "mother-daughter conflict" story in which Darnelle, a fortyish gun-packing loner is fighting to keep her sullen, teenage niece, Bonnie Blue, out of trouble. Darnelle owns and operates the Blue Yonder Inn, a pay-by-the-hour roadside motel that caters to airmen, prostitutes, and visitors to the state penitentiary. Though the Inn, Darnelle, and Bonnie are scorned by the town, Darnelle, unfazed by the opinions of others, turns her attention to flowers, creating a West Texas Garden of Eden in front of the Inn. The beauty of the garden, however, can do nothing to disguise the difficulties in the relationship between Darnelle and Bonnie, which eventually spawn a rough journey of growth for Bonnie taking her through an abusive marriage, the abandonment of her infant son on Darnelle's doorstep, and an epic journey to California to refashion her life according to Seventeen magazine. As the story ends, Bonnie and Darnelle come to understand that life doesn't come from the pages of a magazine, and that family ties are forged by hand, not by blood."--Jacket. 
546 |a English. 
588 |a Description based on print version record. 
650 7 |a Women gardeners.  |2 fast  |0 (OCoLC)fst01177699 
650 7 |a Women.  |2 fast  |0 (OCoLC)fst01176568 
650 7 |a Teenage girls.  |2 fast  |0 (OCoLC)fst01145412 
650 7 |a Nieces.  |2 fast  |0 (OCoLC)fst01037563 
650 7 |a Motels.  |2 fast  |0 (OCoLC)fst01026838 
650 7 |a Gardening.  |2 fast  |0 (OCoLC)fst00937852 
650 0 |a Nieces  |v Fiction. 
650 0 |a Motels  |v Fiction. 
650 0 |a Gardening  |v Fiction. 
650 0 |a Teenage girls  |v Fiction. 
650 0 |a Women gardeners  |v Fiction. 
650 0 |a Women  |z Texas  |v Fiction. 
651 7 |a Texas.  |2 fast  |0 (OCoLC)fst01210336 
651 0 |a Texas  |v Fiction. 
655 7 |a Domestic fiction.  |2 lcgft 
655 7 |a Psychological fiction.  |2 lcgft 
655 7 |a Domestic fiction.  |2 gsafd 
655 7 |a Psychological fiction.  |2 fast  |0 (OCoLC)fst01726481 
655 7 |a Fiction.  |2 fast  |0 (OCoLC)fst01423787 
655 7 |a Domestic fiction.  |2 fast  |0 (OCoLC)fst01726589 
655 7 |a Electronic books.   |2 local 
710 2 |a Project Muse.  |e distributor 
830 0 |a Book collections on Project MUSE. 
856 4 0 |z Texto completo  |u https://projectmuse.uam.elogim.com/book/8941/ 
945 |a Project MUSE - Custom Collection